[Event "Madrid San Viator op 22nd"]
[Site "Madrid"]
[Date "2014.05.25"]
[Round "8"]
[White "Corrochano Utrilla, David"]
[Black "Padin Lazaro, Jose Manuel"]
[Result "0-1"]
[WhiteElo "1710"]
[BlackElo "1862"]
[PlyCount "124"]
[EventDate "2014.03.23"]
[EventType "swiss"]
[EventRounds "9"]
[EventCountry "ESP"]
[SourceTitle "EXT 2015"]
[Source "ChessBase"]
[SourceDate "2014.11.20"]
[SourceVersion "1"]
[SourceVersionDate "2014.11.20"]
[SourceQuality "1"]

1. e4 e6 2. d4 d5 3. Nc3 Nf6 4. e5 Nfd7 5. f4 c5 6. Nf3 Nc6 7. Be3 a6 8. Qd2 b5 9. a3 Qa5 10. Ne2 b4 11. dxc5 bxa3 12. Qxa5 Nxa5 13. b4 Nc4 14. Bc1 a5 15. c3 axb4 16. cxb4 Ra4 17. Nc3 Rxb4 18. Nd4 Bxc5 19. Ndb5 Rb3 20. Bxc4 dxc4 21. Bxa3 Bxa3 22. Rxa3 Rxa3 23. Nxa3 Ba6 24. 0-0 Ke7 25. Rd1 Rc8 26. Rd6 Bb7 27. Rd4 Nb6 28. Nab5 Bd5 29. Rd1 Rc5 30. Ra1 Nc8 31. Kf2 f6 32. exf6+ gxf6 33. g3 Kd7 34. Ke3 e5 35. fxe5 fxe5 36. Rd1 Ne7 37. g4 Ke6 38. Ra1 Bc6 39. Nc7+ Kd6 40. Na6 Nd5+ 41. Kd2 Nxc3 42. Kxc3 Rb5 43. Kxc4 Rb2 44. Rd1+ Ke7 45. Nb4 Bf3 46. Re1 Bxg4 47. Rxe5+ Kf6 48. Ra5 Be6+ 49. Kc5 Rxh2 50. Kd4 Rh4+ 51. Kc5 Rh5+ 52. Kb6 Rxa5 53. Kxa5 h5 54. Nd3 Kf5 55. Kb4 Kg4 56. Kc3 h4 57. Kd2 Kf3 58. Ne1+ Kg3 59. Ke3 h3 60. Nd3 h2 61. Nf2 Bd5 62. Ke2 Bg2 0-1